000 00228nam a22001097a 4500
082 _a621.9 PET
100 _aPETERS GEOFF
_978202
245 _aPOWER TOOLS
260 _aLONDON
_bMAJ HAIDER
_c1964
300 _a126P
942 _cBK
999 _c583363
_d583363